00467 2200181 4500001002100000005001500021008004100036020002200077035001900099041000700118082001000125090001600135100001900151245004500170260003600215300002300251650001100274INLIS00000000000269220241224112602241224||||||||| | ||| |||| || |  a978-602-17961-5-3 0010-1224002692 aid0 a895.6 a895.6 EIJ n0 aEiji Yoshikawa00aNaruto Hicho: Catatan naruto yang Hilang aJepangbKansha Publishingc2014 a406 hlm;14 x 21 cm 0aSastra